| 000 | 00357nam a2200145 a 4500 | ||
|---|---|---|---|
| 001 | 5426 | ||
| 003 | CDMR | ||
| 005 | 20130220095350.0 | ||
| 008 | 130130s2007||||||||||||||||||||||||||||d | ||
| 040 |
_aCDMR _bcat _cCPC GIRONA |
||
| 110 |
_92856 _aFundació Josep Pla |
||
| 245 | 0 | _aPla biògraf de Rusiñol | |
| 260 |
_c2007 _bFundació Josep Pla |
||
| 942 |
_cMON _2ddc |
||
| 999 |
_c5426 _d5426 |
||